Kala Patan / (Record no. 526838)
[ view plain ]
| 000 -LEADER | |
|---|---|
| fixed length control field | 00509nam a22001817a 4500 |
| 003 - CONTROL NUMBER IDENTIFIER | |
| control field | NUST |
| 020 ## - INTERNATIONAL STANDARD BOOK NUMBER | |
| Qualifying information | HBK |
| 038 ## - RECORD CONTENT LICENSOR | |
| Staff Name | Faiza |
| 082 ## - DEWEY DECIMAL CLASSIFICATION NUMBER | |
| Classification number | 891.422 |
| Author Mark | SAJ |
| 100 ## - MAIN ENTRY--PERSONAL NAME | |
| Personal name | Haider, Sajjad |
| 9 (RLIN) | 15033 |
| 245 ## - TITLE STATEMENT | |
| Title | Kala Patan / |
| Statement of responsibility, etc. | Sajjad Haider |
| 260 ## - PUBLICATION, DISTRIBUTION, ETC. | |
| Place of publication, distribution, etc. | Lahore : |
| Name of publisher, distributor, etc. | Maqtaba Mairi Library, |
| Date of publication, distribution, etc. | 1986. |
| 300 ## - PHYSICAL DESCRIPTION | |
| Extent | 200 p. ; |
| 880 ## - ALTERNATE GRAPHIC REPRESENTATION | |
| Linkage | 100-01\r |
| Title | سجاد حیدر |
| 880 ## - ALTERNATE GRAPHIC REPRESENTATION | |
| Linkage | 245-02\r |
| Title | کالا پتن / |
| 880 ## - ALTERNATE GRAPHIC REPRESENTATION | |
| Linkage | 260-03\r |
| Title | لاہور : |
| b | مکتبہ میری لائبریری, |
| c | ۱۹۸۶. |
| 942 ## - ADDED ENTRY ELEMENTS (KOHA) | |
| Source of classification or shelving scheme | |
| Koha item type | Book |
| Withdrawn status | Lost status | Source of classification or shelving scheme | Damaged status | Not for loan | Permanent Location | Current Location | Date acquired | Total Checkouts | Full call number | Barcode | Date last seen | Price effective from | Koha item type |
|---|---|---|---|---|---|---|---|---|---|---|---|---|---|
| Central Library (CL) | Central Library (CL) | 07/17/2019 | 891.422 SAJ | CL-E-1296 | 07/17/2019 | 07/17/2019 | Book |
